[Event "BRA-ch sf"]
[Site "Sao Paulo"]
[Date "2010.10.31"]
[Round "3"]
[White "Calcado, Acyr Rogerio"]
[Black "Reis, Alan de Albuquerque"]
[Result "1-0"]
[WhiteElo "2179"]
[BlackElo "2017"]
[PlyCount "95"]
[EventDate "2010.10.30"]
[EventType "swiss"]
[EventRounds "7"]
[EventCountry "BRA"]
[SourceTitle "EXT 2012"]
[Source "ChessBase"]
[SourceDate "2011.11.24"]
[SourceVersion "1"]
[SourceVersionDate "2011.11.24"]
[SourceQuality "1"]

1. e4 e6 2. d4 d5 3. Nc3 Nf6 4. Bg5 Bb4 5. e5 h6 6. Bd2 Bxc3 7. bxc3 Ne4 8. Qg4 Kf8 9. Bd3 Nxd2 10. Kxd2 c5 11. Nf3 Nc6 12. Qf4 c4 13. Be2 b5 14. a3 a5 15. Rhb1 Rb8 16. Ke1 g6 17. h4 Kg7 18. Nh2 Qe7 19. Kf1 Bd7 20. Kg1 Rb7 21. h5 g5 22. Qg3 Rhb8 23. f4 b4 24. axb4 axb4 25. Nf3 g4 26. cxb4 Kh7 27. Qxg4 Rxb4 28. Rd1 Rb2 29. Ne1 Nb4 30. Qf3 Kg7 31. Qa3 Nc6 32. Qg3+ Kf8 33. Qe3 Kg7 34. Rdc1 Qb4 35. c3 Qb6 36. Bd1 Qd8 37. Nc2 Qh4 38. Qf3 R8b3 39. Ne3 Nxd4 40. Qf1 Qg3 41. Ng4 Rxc3 42. Rxc3 Qxc3 43. Ra7 Be8 44. Ra8 Nf5 45. Rxe8 Rb1 46. Nf6 Qe3+ 47. Qf2 Rxd1+ 48. Kh2 1-0